Tắt đèn tiểu thuyết ( khổ nhỏ )
में बचाया:
| मुख्य लेखक: | |
|---|---|
| स्वरूप: | पुस्तक |
| भाषा: | Undetermined |
| प्रकाशित: |
Tp. HCM
Văn nghệ
1995
|
| विषय: | |
| टैग : |
टैग जोड़ें
कोई टैग नहीं, इस रिकॉर्ड को टैग करने वाले पहले व्यक्ति बनें!
|
| Thư viện lưu trữ: | Trung tâm Học liệu Trường Đại học Cần Thơ |
|---|
| LEADER | 00516nam a2200181Ia 4500 | ||
|---|---|---|---|
| 001 | CTU_9361 | ||
| 008 | 210402s9999 xx 000 0 und d | ||
| 082 | |a 895.922331 | ||
| 082 | |b T450t | ||
| 100 | |a Ngô Tất Tố | ||
| 245 | 0 | |a Tắt đèn | |
| 245 | 0 | |b tiểu thuyết ( khổ nhỏ ) | |
| 245 | 0 | |c Ngô Tất Tố | |
| 260 | |a Tp. HCM | ||
| 260 | |b Văn nghệ | ||
| 260 | |c 1995 | ||
| 650 | |a vietnamese fiction - 1930 - 1945 | ||
| 980 | |a Trung tâm Học liệu Trường Đại học Cần Thơ | ||